Top U.S. Medical Schools Quiz Stats

 Plays Quiz Updated Mar 6, 2019

Score 0/50 Timer 08:00
1 Play Today
School % Correct
Harvard University
95.9%
University of Pennsylvania
90.2%
Yale University
86.1%
University of California - Los Angeles
85.2%
Stanford University
79.2%
Duke University
78%
University of North Carolina - Chapel Hill
77%
Johns Hopkins University
76.4%
University of Michigan - Ann Arbor
75.3%
University of Washington
72.4%
Columbia University
72%
Brown University
71.4%
Washington University in St. Louis
71.3%
New York University
71.2%
Ohio State University
70.4%
University of Southern California
69.6%
University of Minnesota
69.1%
University of Florida
68.8%
University of Wisconsin - Madison
68.7%
University of Iowa
67.6%
University of Chicago
66.9%
University of Virginia
65.3%
Georgetown University
64.2%
University of Colorado - Denver
63.9%
University of Maryland
62.6%
School % Correct
Boston University
62.4%
Indiana University - Indianapolis
62.2%
Cornell University
59.9%
Dartmouth Medical School
58.6%
Northwestern University
57.4%
Vanderbilt University
57.2%
University of Pittsburgh
50.4%
University of California - San Diego
46.4%
Baylor College of Medicine
42%
Emory University
38.7%
Wake Forest University
36.8%
University of California - San Francisco
35.4%
University of Cincinnati
29.2%
Temple University
28.5%
University of California - Davis
27.1%
Mayo Medical School
26.1%
Case Western Reserve University
26%
Tufts University
24.6%
University of Alabama - Birmingham
24.6%
University of California - Irvine
23.9%
University of Rochester
21.8%
Yeshiva University
12.2%
Mount Sinai School of Medicine
7.4%
University of Texas Southwestern Medical Center - Dallas
6.7%
Oregon Health and Science University
6.1%

You're not logged in!

Compare scores with friends on all Sporcle quizzes.
OR
Log In

Sporcle TV

Today on Sporcle TV


Watch our educational content, quiz creation guides, and fun videos on Sporcle TV.

Show Comments

Extras

Top Quizzes Today


Score Distribution

Your Account Isn't Verified!

In order to create a playlist on Sporcle, you need to verify the email address you used during registration. Go to your Sporcle Settings to finish the process.

Report this User

Report this user for behavior that violates our Community Guidelines.

Details: